000 00217 a2200097 4500
001 19822
100 _aHousner, G W
245 _aApplied mechanics statics
260 _a
_bD.Van, Nostrand Co
_c
090 _c14446
_d14446
942 _aNUST-CAE
_cM
_c4943
999 _c254895
_d254895